000 00277nam a22001217a 4500
082 _a823
_bBAU/W
245 _aTHE WIZARD OF OZ
_bSHORT STORY
246 _aTHE WIZARD OF OZ
_bSHORT STORY
260 _aNEWYORK
_bINC PUBLISHERS
300 _a235
520 _aSHORT STORY
942 _cBK
999 _c330
_d330